000250604 001__ 250604
000250604 005__ 20221218173023.0
000250604 0247_ $$aG:(DE-Ds200)BMWK-50WB2014$$dBMWK-50WB2014
000250604 035__ $$aG:(DE-Ds200)BMWK-50WB2014
000250604 150__ $$aMolekulare Grundlagen der Krebsentstehung durch kosmische Strahlung
000250604 450__ $$a50WB2014$$wd$$y2020-11-01 - 2023-05-31
000250604 5101_ $$0I:(DE-588b)1249079764$$aBundesministerium für Wirtschaft und Klimaschutz$$bBMWK
000250604 909CO $$ooai:juser.fz-juelich.de:916138$$pauthority:GRANT$$pauthority
000250604 909CO $$ooai:juser.fz-juelich.de:916138
000250604 980__ $$aG
000250604 980__ $$aAUTHORITY